000 00530nam a2200181Ia 4500
999 _c23311
_d23311
003 OSt
005 20200214121214.0
008 190216s9999||||xx |||||||||||||| ||und||
040 _coclc
082 _a297
_bMUH/I
100 _a Muhammad, Siddiq
_91992
245 0 _aIslamika Thathwachintha Al khindi Muthal Iqbal Vare /
_cSiddiq Muhammad
250 _a1st ed.
260 _bRasberry Books,
_c2013.
_aCalicut:
300 _a161p
650 _aIslamic History
942 _cBK
_2ddc
_h297
_iMUH/I
_k297
_mMUH/I